000 00633nam a2200193Ia 4500
005 20250508163526.0
008 008 250505s9999 xx 000 0 eng d
037 _aTextual
040 _aFEDL
_beng
_cFEDL
041 _aeng
_2eng
084 _a305.231, SHA
_qFEDL
100 _aSharma Adarsh
245 0 _aMonitoring social components of intergrated child development services: A pilot project
260 _aNew Delhi, India
_bNational Institute of Public Cooperation and Child Development
_c1987
300 _a153p
650 _aSocial Structure
942 _cTEXL
_h305.231, SHA
999 _c1383883
_d1383883